00309 a2200121 4500000002100000001000700021005001700028008004100045100001700086245004200103250001300145260002900158BKB 14625320200902155450.0 1 aPandey, I.M.1 aFinancial managementcby I. M. Pandey a10th ed. abVikas Publishingc2010